Advanced Accountancy (Record no. 1478)

MARC details
000 -LEADER
fixed length control field 00444nam a2200157 4500
020 ## - INTERNATIONAL STANDARD BOOK NUMBER
ISBN 8125908838
050 ## - CALL NUMBER
Classification number HF 5635
Item number MAH
100 ## - AUTHOR
Personal name Maheshwari S N
111 ## - AUTHOR
AUTHOR Maheshwari S K
245 ## - TITLE
Title Advanced Accountancy
250 ## - EDITION
Edition statement 8th Edition
260 ## - PUBLICATION INFORMATION
Place of publication New Delhi
Name of publisher Vikas Publishing House
Year of publication 2004
300 ## - DESCRIPTION
Number of Pages xvii, 3215 pg
505 ## - FORMATTED CONTENTS NOTE
Table of Content Accounting principles and processes<br/>Special Business Accounting<br/>Partnership Accounts
942 ## - ADDED ENTRY ELEMENTS (KOHA)
Koha item type Books
Holdings
Withdrawn status Lost status Collection code Home library Current library Shelving location Date acquired Full call number Accession Number Koha item type
    Reference Methodist University Library Main Methodist University Library Main General Stacks 01/10/2004 HF 5635 MAH 24932 Books
      Methodist University Library Main Methodist University Library Main   18/12/2017 HF 5635 MAH   Books
Copyright © 2026  MUG Library